000 00526nam a2200181Ia 4500
001 17955
005 20260306171555.0
008 260306s9999||||xx |||||||||||||| ||und||
041 _aESP
082 _a658.3
_bM33
100 _aMazabel Galarza, César
_eAUT
245 0 _aIndicadores de gestión en recursos humanos y su impacto económico en la organización:
_bde lo cualitativo a lo cuantitativo
260 _c2011
300 _a247 páginas :
_c23 cm.
650 _aGEN
654 _aCAN
942 _cLIB
_dJUS
_fJUS
_2ddc
_n
999 _c17955
_d17955